000
00203nam a2200085 4500
001
1258502
005
20260311142301.0
245
_a
ŞİRİN BELGRAD ORMANINDA
_c
BİRSEN EKİM ÖZEN
260
_b
TİMAŞ ÇOCUK
999
_c
1258502
_d
1258502